000 00686cab a2200205 4500
001 ABS44603
008 090401t1991 xxu||||| |||| 00| 0 eng d
035 _a(Sirsi) u47962
041 _aeng
100 _aChappell, D.
245 _aNEC reviewed
260 _c1991
350 _a0
490 _aArchitects` Journal
_v193(23) 5 June 1991, 53-55(3)
520 _aReviews the New Engineering Contract ( NEC ), recently launched in a preliminary form after five years as a consultation document . Examines its main features and option clauses.
650 _aCIVIL ENGINEERING CONTRACTS
690 _aBUILT ENVIRONMENT-BUILDING CONTRACT FORMS
942 _n0
948 _c04/03/1997
999 _c30156
_d30156